[Event "FSIM May"]
[Site "Budapest HUN"]
[Date "2004.05.02"]
[Round "2"]
[White "Kaposztas,M"]
[Black "Turzo,A"]
[Result "0-1"]
[WhiteElo "2245"]
[BlackElo "2349"]

1.c4 Nf6 2.Nc3 e6 3.d4 Bb4 4.Qc2 O-O 5.a3 Bxc3+ 6.Qxc3 b6 7.Nf3 Bb7 8.g3 d6
9.Bg2 Nbd7 10.O-O c5 11.b3 Rc8 12.Bb2 d5 13.Nd2 Qc7 14.dxc5 bxc5 15.cxd5 exd5
16.e3 Rfe8 17.Rfc1 Ne5 18.Bh3 d4 19.exd4 Qc6 20.f3 Nd5 21.Qa5 Nxf3+ 22.Nxf3 Nf4
23.Bg4 Nh3+ 24.Kf1 Qe4 25.Qb5 Bc6 26.Qc4 Qxg4 27.Ne5 Rxe5 28.dxe5 Qf3+ 29.Ke1 Qf2+  0-1

[Event "9th Ivan Cvitanovic Mem"]
[Site "Split CRO"]
[Date "2004.05.02"]
[Round "2"]
[White "Pataki,G"]
[Black "Polak,T"]
[Result "1/2-1/2"]
[WhiteElo "2381"]
[BlackElo "2487"]

1.d4 Nf6 2.c4 e6 3.Nc3 Bb4 4.Qc2 O-O 5.a3 Bxc3+ 6.Qxc3 b6 7.Bg5 Bb7 8.f3 d6
9.e3 Nbd7 10.Bd3 c5 11.Ne2 Rc8 12.b4 Qe7 13.O-O Rfd8 14.dxc5 bxc5 15.b5 h6
16.Bh4 d5 17.Rfd1 Nb6 18.Bf2 e5 19.cxd5 Nbxd5 20.Qc2 e4 21.Bxe4 Nxe4 22.Qxe4 Qxe4
23.fxe4 Nf6 24.Nc3 Nxe4 25.Nxe4 Bxe4 26.Be1 c4 27.Rxd8+ Rxd8 28.Rc1 f5  1/2-1/2

[Event "Capablanca Mem Premier I"]
[Site "Havana CUB"]
[Date "2004.05.07"]
[Round "2"]
[White "Lafuente,P"]
[Black "Hernandez,Hol"]
[Result "0-1"]
[WhiteElo "2433"]
[BlackElo "2426"]

1.d4 Nf6 2.c4 e6 3.Nc3 Bb4 4.Qc2 O-O 5.a3 Bxc3+ 6.Qxc3 b6 7.Bg5 Bb7 8.e3 d6
9.Ne2 Nbd7 10.Qd3 Re8 11.Nc3 h6 12.Bh4 Nf8 13.O-O-O Ng6 14.Bg3 Nh5 15.Qc2 Qe7
16.f3 Nxg3 17.hxg3 c5 18.Kb1 Rac8 19.Bd3 cxd4 20.exd4 Nf8 21.Qa4 Bc6 22.Qb4 d5
23.Qxe7 Rxe7 24.cxd5 Bxd5 25.Nxd5 exd5 26.Rd2 Rce8 27.Ka2 Re1 28.Rh5 Rd8
29.Bc2 Nh7 30.Re5 Rxe5 31.dxe5 Nf8 32.Bb3 d4 33.Bc4 g5 34.f4 Ng6 35.Bd3 gxf4
36.Bxg6 fxg6 37.gxf4 Kf7 38.Kb3 b5 39.Kc2 Ke6 40.Kd3 Kd5 41.Re2 Ke6 42.Ke4 h5
43.Rd2 Rc8 44.Rxd4 Rc2 45.Rd6+ Kf7 46.Kf3 a5 47.Rf6+ Kg7 48.Ra6 a4 49.Ra7+ Kf8
50.g3 Rxb2 51.f5 gxf5 52.Kf4 Re2 53.Rb7 Re4+ 54.Kxf5 Re3 55.Rxb5 Rxa3 56.Rb8+ Ke7
57.Rb7+ Kd8 58.Ke6 Rxg3 59.Rb8+ Kc7 60.Rh8 Rh3 61.Kf7 a3 62.e6 Rf3+ 63.Ke7 a2
64.Ra8 Rf2 65.Ke8 h4 66.e7 Kb7 67.Ra3 h3 68.Rb3+ Ka7 69.Ra3+ Kb6 70.Kd7 Rd2+
71.Kc8 Re2 72.Kd8 h2 73.Rb3+ Kc5 74.Rc3+ Kb4 75.Rc1 Kb3 76.Rh1 Kb2 77.e8=Q Rxe8+
78.Kxe8 a1=Q 79.Rxh2+ Kc3 80.Rh6 Kd4 81.Rg6 Ke5 82.Rh6 Kf5 83.Rc6 Qa4 84.Kd7 Ke5
85.Kc7 Kd5 86.Rd6+ Kc5 87.Re6 Qa7+ 88.Kc8 Qf7 89.Ra6 Kb5 90.Rd6 Qe8+ 91.Kc7 Kc5
92.Ra6 Qb5 93.Re6 Qa5+ 94.Kd7 Qa7+ 95.Kc8 Kd5 96.Rf6 Qa3 97.Kd7 Qh3+ 98.Ke8 Qh7
99.Kf8 Ke5 100.Rc6 Qd7 101.Rh6 Kf5 102.Kg8 Kg5 103.Rh7 Qe8+ 104.Kg7 Qe5+
105.Kf7 Qd5+ 106.Kg7 Qc4 107.Kf8 Kg6 108.Rd7 Qc5+ 109.Ke8 Kf6 110.Rd6+ Kf5
111.Kd7 Ke5 112.Re6+ Kd5 113.Rg6 Qa7+ 114.Ke8 Ke5 115.Kf8 Kf5 116.Rh6 Qd7
117.Kg8 Qe7 118.Rh7 Qe8+ 119.Kg7 Kg5  0-1

[Event "9th Ivan Cvitanovic Mem"]
[Site "Split CRO"]
[Date "2004.05.08"]
[Round "8"]
[White "Videki,S"]
[Black "Pataki,G"]
[Result "1/2-1/2"]
[WhiteElo "2415"]
[BlackElo "2381"]

1.d4 Nf6 2.c4 e6 3.Nc3 Bb4 4.Qc2 O-O 5.a3 Bxc3+ 6.Qxc3 b6 7.Nf3 Ne4 8.Qc2 f5
9.g3 Bb7 10.Bg2 Nf6 11.O-O Qe8 12.b4 d6 13.Bb2 Nbd7  1/2-1/2

[Event "Hostan Open"]
[Site "Znojmo CZE"]
[Date "2004.05.15"]
[Round "1"]
[White "Studnicka,T"]
[Black "Normann,O"]
[Result "1/2-1/2"]
[WhiteElo "2305"]
[BlackElo "1949"]

1.d4 Nf6 2.c4 e6 3.Nc3 Bb4 4.Qc2 O-O 5.e4 d5 6.e5 Ne4 7.a3 Bxc3+ 8.bxc3 c5
9.Bd3 Qa5 10.Bxe4 dxe4 11.Bd2 Qa6 12.Qxe4 Qxc4 13.Nf3 h6 14.h4 Nc6 15.Ng5 g6
16.Nf3 Ne7 17.Rc1 Bd7 18.Bxh6 Bc6 19.Qe2 Qxe2+ 20.Kxe2 Rfd8 21.Be3 Rd7 22.h5 b5
23.hxg6 Nxg6 24.Rh6 Kg7 25.Rch1 Rh8 26.Rxh8 Nxh8 27.Nh4 a5 28.f4 cxd4 29.cxd4 Bd5
30.f5 Rc7 31.Bg5 Kg8 32.Bf6 exf5 33.Nxf5 Ng6 34.Ne7+ Rxe7 35.Bxe7 Nxe7 36.Rb1 Bc4+
37.Kf3 Nd5 38.Rc1 Nb6 39.Rb1 Kf8 40.g4 Ke7 41.Ke4 Ke6 42.g5 Na4 43.Rc1 Bd5+
44.Kd3  1/2-1/2

[Event "Capablanca Mem Premier I"]
[Site "Havana CUB"]
[Date "2004.05.18"]
[Round "12"]
[White "Lafuente,P"]
[Black "Garcia Martinez,S"]
[Result "0-1"]
[WhiteElo "2433"]
[BlackElo "2355"]

1.d4 Nf6 2.c4 e6 3.Nc3 Bb4 4.Qc2 O-O 5.a3 Bxc3+ 6.Qxc3 d6 7.Bg5 Nbd7 8.e3 b6
9.Ne2 c5 10.Rd1 Qc7 11.Qc2 Bb7 12.Nc3 a6 13.Be2 h6 14.Bh4 Bxg2 15.Rg1 Bb7
16.d5 Rfe8 17.Ne4 Nxe4 18.Qxe4 exd5 19.Qg4 g6 20.cxd5 Kg7 21.Bd3 Ne5 22.Qf4 g5
23.Qf5 Nxd3+ 24.Rxd3 f6  0-1

[Event "29th Elekes Mem IM"]
[Site "Budapest HUN"]
[Date "2004.05.20"]
[Round "6"]
[White "Lorincz,I"]
[Black "Harmon,C"]
[Result "1/2-1/2"]
[WhiteElo "2337"]
[BlackElo "2184"]

1.d4 Nf6 2.c4 e6 3.Nc3 Bb4 4.Qc2 O-O 5.Bg5 d5 6.cxd5 exd5 7.e3 Re8 8.Bd3 h6
9.Bh4 c5 10.Ne2 Nc6 11.O-O cxd4 12.Bxf6 Qxf6 13.Nxd5 Qd6 14.e4 Be6 15.Nef4 Rac8
16.Qa4 Bd2 17.g3 Ne5 18.Be2 Bxd5 19.Nxd5 d3 20.Bd1 Nc4 21.Bf3 a6 22.Qb3 Ne5
23.Bg2 b5 24.f4 Ng4 25.Qxd3 Qc5+ 26.Kh1 Nf2+ 27.Rxf2 Qxf2 28.a4 bxa4 29.Qxa6 Rc1+
30.Rxc1 Bxc1 31.h3 Be3 32.Nxe3 Qxe3 33.Qxa4 Rc8 34.Kh2 Rc1 35.h4 Qg1+ 36.Kh3 Qc5
37.Qe8+  1/2-1/2

[Event "29th Elekes Mem GM"]
[Site "Budapest HUN"]
[Date "2004.05.21"]
[Round "7"]
[White "Anka,E"]
[Black "Medvegy,Z"]
[Result "1/2-1/2"]
[WhiteElo "2422"]
[BlackElo "2455"]

1.d4 Nf6 2.c4 e6 3.Nc3 Bb4 4.Qc2 O-O 5.e4 d5 6.e5 Ne4 7.a3 Bxc3+ 8.bxc3 c5
9.Bd3 Nc6 10.Ne2 cxd4 11.cxd5 exd5 12.cxd4 f6 13.O-O fxe5  1/2-1/2

[Event "XII Guillermo Garcia Prem I"]
[Site "Santa Clara CUB"]
[Date "2004.05.21"]
[Round "1"]
[White "Lafuente,P"]
[Black "Arencibia,W"]
[Result "0-1"]
[WhiteElo "2433"]
[BlackElo "2505"]

1.d4 Nf6 2.c4 e6 3.Nc3 Bb4 4.Qc2 O-O 5.a3 Bxc3+ 6.Qxc3 d6 7.Bg5 Nbd7 8.e3 b6
9.Ne2 c5 10.Rd1 Qc7 11.Qc2 cxd4 12.Nxd4 Ba6 13.Be2 Rac8 14.Rc1 b5 15.Bxf6 Nxf6
16.O-O Qb6 17.b3 Rc7 18.a4 bxc4 19.bxc4 Rfc8 20.Qa2 Qa5 21.Qb2 Ne4 22.Nb5 Rd7
23.Rfd1 Nc5 24.g3 Qb6 25.Qa3 Bb7 26.Rb1 Be4 27.Rb2 Qc6 28.Rbd2 Rcd8 29.f3 Bg6
30.a5 a6 31.Nd4 Qc7 32.e4 Rb8 33.Qe3 h6 34.Bf1 Rb7 35.Ne2 Rb3 36.Qf2 Ra3
37.Nf4 Bh7 38.Rb2 Rxa5 39.Qe1 Ra4 40.Qc3 a5 41.Nh5 e5 42.g4 Bg6 43.Ng3 Ne6
44.c5 Qxc5+ 45.Qxc5 Nxc5 46.Rb8+ Kh7 47.h4 f6 48.Rc8 Rd4 49.Rb1 Rb4 50.Rd1 Ne6
51.Bc4 Bf7 52.Nf5 Nd4 53.Bxf7 Rxf7 54.Nxd4 Rxd4 55.Rxd4 exd4 56.Ra8 d5 57.exd5 d3
58.Rxa5 d2 59.Ra1 Rc7  0-1

[Event "57th ch-RUS Qualifier"]
[Site "Tomsk RUS"]
[Date "2004.05.25"]
[Round "3"]
[White "Khairullin,I"]
[Black "Sorokin,M"]
[Result "1/2-1/2"]
[WhiteElo "2481"]
[BlackElo "2583"]

1.d4 Nf6 2.c4 e6 3.Nc3 Bb4 4.Qc2 O-O 5.Bg5 c5 6.e3 h6 7.Bh4 cxd4 8.exd4 b6
9.Bd3 Bb7 10.f3 Nc6 11.Ne2 Be7 12.a3 d5 13.Bf2 dxc4 14.Bxc4 Rc8 15.Ba2 b5
16.O-O b4 17.axb4 Nxb4 18.Qb3 Ba6 19.Bb1 Qd7 20.Re1 Bd3 21.d5 Bxb1 22.dxe6 Qxe6
23.Qxe6 fxe6 24.Rexb1 a6 25.Nf4  1/2-1/2

[Event "57th ch-RUS Qualifier"]
[Site "Tomsk RUS"]
[Date "2004.05.31"]
[Round "9"]
[White "Belozerov,A"]
[Black "Shariyazdanov,A"]
[Result "1/2-1/2"]
[WhiteElo "2552"]
[BlackElo "2575"]

1.d4 Nf6 2.c4 e6 3.Nc3 Bb4 4.Qc2 O-O 5.Nf3 c5 6.dxc5 Na6 7.g3 Nxc5 8.Bg2 Nce4
9.Bd2 Nxd2 10.Nxd2 Be7 11.O-O a6 12.Nde4 Qc7 13.Nxf6+ Bxf6 14.Ne4 Be7 15.Rac1 d6
16.Rfd1 Rd8 17.Qd2 Rb8 18.Rc3 f5 19.Ng5 h6 20.Nf3 Bd7 21.Nd4 Kh8 22.e4 Bf6
23.exf5 exf5 24.Rf3 f4 25.Qxf4 Qxc4 26.b3 Qc5 27.Nf5 Be5 28.Qd2 Bxf5 29.Rxf5 b5
30.Be4 Rf8 31.Rxf8+ Rxf8 32.Kg2 Bc3 33.Qe2 Bd4 34.f4 Re8 35.Qd3 Bc3 36.h4 Bb4
37.Qf3 Qc7 38.Bg6 Rc8 39.Bf5 Re8 40.Bg6 Rc8 41.Bb1 Qc6 42.Be4 Qe8 43.h5 Rc3
44.Bd3 Qc6 45.Qxc6 Rxc6 46.Bg6 Rc3 47.Rd5 Kg8 48.Rd4 Bc5 49.Re4 Re3 50.Rxe3  1/2-1/2

[Event "FSIM June"]
[Site "Budapest HUN"]
[Date "2004.06.09"]
[Round "5"]
[White "Werner,Di"]
[Black "Eperjesi,L"]
[Result "1/2-1/2"]
[WhiteElo "2362"]
[BlackElo "2322"]

1.d4 Nf6 2.c4 e6 3.Nc3 Bb4 4.Qc2 O-O 5.a3 Bxc3+ 6.Qxc3 b6 7.Bg5 Bb7 8.e3 d6
9.Nf3 Nbd7 10.Be2 h6 11.Bh4 Qe8 12.O-O e5  1/2-1/2

[Event "Dake Mem"]
[Site "McMinnville USA"]
[Date "2004.06.09"]
[Round "5"]
[White "Roper,D"]
[Black "Harmon,C"]
[Result "1-0"]
[WhiteElo "2292"]
[BlackElo "2184"]

1.d4 Nf6 2.c4 e6 3.Nc3 Bb4 4.Qc2 O-O 5.Nf3 c5 6.dxc5 Na6 7.a3 Bxc3+ 8.Qxc3 Nxc5
9.Be3 Nce4 10.Qd4 b6 11.Rd1 Ba6 12.g3 Rc8 13.b3 Qe7 14.Qb2 d5 15.cxd5 Nxd5
16.Bd4 f6 17.Bg2 Ndc3 18.Bxc3 Nxc3 19.Rd2 Rfd8 20.Nd4 Rxd4 21.Rxd4 Nxe2 22.Rc4 Bxc4
23.bxc4 Rxc4 24.Qxe2 Rc1+ 25.Kd2 Rc5 26.Qd3 Rc7 27.Ke2 Rd7 28.Qb3 Qd6 29.Rd1 Qe5+
30.Kf1 Rxd1+ 31.Qxd1 Qc3 32.a4 a6 33.Qd8+ Kf7 34.Qd7+ Kf8 35.Bc6 g6 36.Qxe6 Qe5
37.Qxe5 fxe5 38.Bb7 b5 39.a5 b4 40.Bxa6 b3  1-0

[Event "II Gyorgy Marx Mem IM"]
[Site "Paks HUN"]
[Date "2004.06.11"]
[Round "7"]
[White "Fodor,T jr"]
[Black "Petrienko,V"]
[Result "0-1"]
[WhiteElo "2183"]
[BlackElo "2425"]

1.d4 Nf6 2.c4 e6 3.Nc3 Bb4 4.Qc2 O-O 5.e4 d5 6.e5 Ne4 7.Bd3 c5 8.cxd5 exd5
9.Ne2 cxd4 10.a3 Nc6 11.Bxe4 dxe4 12.Qxe4 Ba5 13.b4 Bc7 14.Nd5 Bxe5 15.f4 Bb8
16.f5 Re8 17.Qf3 Ne5 18.Qb3 d3 19.Nef4 Ng4+ 20.Kf1 Bxf5 21.Bd2 Bxf4  0-1

[Event "8th Open"]
[Site "Voronezh RUS"]
[Date "2004.06.14"]
[Round "3"]
[White "Sergienko,S"]
[Black "Manelis,V"]
[Result "1-0"]
[WhiteElo "2404"]
[BlackElo "2267"]

1.d4 Nf6 2.c4 e6 3.Nc3 Bb4 4.Qc2 O-O 5.a3 Bxc3+ 6.Qxc3 b6 7.Bg5 Bb7 8.Nh3 d6
9.f3 Nbd7 10.e4 h6 11.Be3 c5 12.Be2 Rc8 13.O-O cxd4 14.Qxd4 Qc7 15.Rfd1 d5
16.cxd5 exd5 17.Rac1 Qe5 18.Qxe5 Nxe5 19.Bd4 Rfe8 20.Bb5 Re7 21.f4 Rxc1 22.Rxc1 Neg4
23.e5 Ne4 24.Nf2 Ngxf2 25.Bxf2 g5 26.Be3 Kg7 27.f5 f6 28.e6 Nd6 29.Bd3 Ne8
30.Bf2 Rc7 31.Re1 Kf8 32.Bg3 Rc8 33.h4 g4 34.h5 Ng7 35.Bd6+ Kg8 36.Bf4 Nxh5
37.Bxh6 Bc6 38.Rc1 Ng3 39.Ba6 Rc7  1-0

[Event "8th Open"]
[Site "Voronezh RUS"]
[Date "2004.06.16"]
[Round "5"]
[White "Sidorov,A"]
[Black "Chernyshov,K"]
[Result "0-1"]
[WhiteElo "2371"]
[BlackElo "2556"]

1.d4 Nf6 2.c4 e6 3.Nc3 Bb4 4.Qc2 O-O 5.a3 Bxc3+ 6.Qxc3 b6 7.Nf3 Bb7 8.g3 c5
9.Bg2 cxd4 10.Qxd4 Nc6 11.Qc3 Rc8 12.b4 Ne7 13.Bg5 Ne4 14.Qd3 f6 15.Bf4 e5
16.Be3 Qc7 17.O-O Qxc4 18.Qxd7 Rc7 19.Rac1 Nc3 20.Rxc3 Qxc3 21.Qe6+ Kh8 22.Rc1 Qxc1+
23.Bxc1 Bc8 24.Qd6 Rxc1+  0-1

[Event "National Open"]
[Site "Las Vegas USA"]
[Date "2004.06.19"]
[Round "3"]
[White "Cottrell,K"]
[Black "Anka,E"]
[Result "0-1"]
[WhiteElo "1886"]
[BlackElo "2422"]

1.d4 Nf6 2.c4 e6 3.Nc3 Bb4 4.Qc2 O-O 5.Nf3 c5 6.dxc5 Na6 7.a3 Bxc3+ 8.Qxc3 Nxc5
9.Bg5 Nce4 10.Bxf6 Nxf6 11.e3 b6 12.Be2 Ba6 13.Qd2 Rc8 14.b3 Ne4 15.Qd4 d5
16.cxd5 Bxe2 17.Qxe4 exd5 18.Qh4 Bxf3 19.Qxd8 Rfxd8 20.gxf3 d4 21.exd4 Rxd4
22.b4 g6 23.O-O Rc3 24.Rfc1 Rxf3 25.Kg2 Rfd3 26.a4 Rf4 27.Rc7 Rd2 28.Rf1 a5
29.bxa5 bxa5 30.Kg3 Rxa4 31.f4 Rd3+  0-1

[Event "FIDE WCh KO"]
[Site "Tripoli LBA"]
[Date "2004.06.19"]
[Round "1.1"]
[White "Carlsen,M"]
[Black "Aronian,L"]
[Result "1/2-1/2"]
[WhiteElo "2552"]
[BlackElo "2645"]

1.d4 Nf6 2.c4 e6 3.Nc3 Bb4 4.Qc2 O-O 5.e4 d5 6.e5 Ne4 7.Bd3 c5 8.cxd5 exd5
9.Ne2 cxd4 10.Nxd4 Nd7 11.f4 Qh4+ 12.g3 Qh3 13.Bd2 Nxd2 14.Qxd2 Nc5 15.Bf1 Qh6
16.Bg2 Qa6 17.Qe2 b6 18.Bxd5 Nd3+ 19.Kf1 Bh3+ 20.Bg2 Bxg2+ 21.Kxg2 Rfd8 22.Ncb5 Rxd4
23.Nxd4 Rd8 24.Qe4 Qc4 25.b3 Qxd4 26.Qxd4 Rxd4 27.Rad1 Bd2 28.Rhf1 g5 29.Kf3 Nb2
30.Rb1 Nd3 31.Rbd1 Nb2  1/2-1/2

[Event "3rd Asean IM"]
[Site "Bangkok THA"]
[Date "2004.06.23"]
[Round "3"]
[White "Myo Naing"]
[Black "Theerapabpaisit,W"]
[Result "1/2-1/2"]
[WhiteElo "2425"]
[BlackElo "2271"]

1.d4 Nf6 2.c4 e6 3.Nc3 Bb4 4.Qc2 O-O 5.a3 Bxc3+ 6.Qxc3 b6 7.Bg5 Bb7 8.f3 d5
9.e3 Nbd7 10.cxd5 exd5 11.Bd3 Re8 12.Ne2 h6 13.Bh4 c5 14.O-O Qe7 15.Bf2 a5
16.b4 axb4 17.axb4 c4 18.Bc2 b5 19.Qb2 Bc6 20.Nc3 Nb6 21.Ra5 Na4 22.Bxa4 bxa4
23.Ra1 Rxa5 24.bxa5 Qa7  1/2-1/2

[Event "Masters"]
[Site "Grenoble FRA"]
[Date "2004.06.23"]
[Round "6"]
[White "Foisor,O"]
[Black "Silva,Se"]
[Result "1/2-1/2"]
[WhiteElo "2411"]
[BlackElo "2352"]

1.d4 Nf6 2.c4 e6 3.Nc3 Bb4 4.Qc2 O-O 5.Nf3 d6 6.g3 b6 7.Bg2 Bb7 8.O-O Nbd7
9.b3 Bxc3 10.Qxc3 Ne4 11.Qe3 Rb8 12.Bb2 f5 13.Rad1 Qe8 14.d5 e5 15.Nh4 Nec5
16.f4 Qh5 17.b4 Na6 18.a3 Rbe8 19.Qc3 Bc8 20.Bh3 Nab8 21.e3  1/2-1/2

[Event "Masters"]
[Site "Grenoble FRA"]
[Date "2004.06.25"]
[Round "9"]
[White "Foisor,C"]
[Black "Van Hoolandt,P"]
[Result "1-0"]
[WhiteElo "2422"]
[BlackElo "2237"]

1.d4 Nf6 2.c4 e6 3.Nc3 Bb4 4.Qc2 O-O 5.Nf3 c5 6.dxc5 Na6 7.Bd2 Nxc5 8.a3 Bxc3
9.Bxc3 Nce4 10.Bxf6 Nxf6 11.e4 d6 12.Bd3 Qc7 13.O-O b6 14.Rfe1 e5 15.Nd2 Be6
16.Nf1 Rac8 17.Ne3 g6 18.Qd2 Kg7 19.Rac1 Nd7 20.b4 Nb8 21.Nf5+ Bxf5 22.exf5 Qe7
23.Rc3 f6 24.fxg6 hxg6 25.Be4 f5 26.Bd5 Rh8 27.Rd3 Rcd8 28.Rd1 e4 29.Qc3+ Qf6
30.Qxf6+ Kxf6 31.Rd4 Rh7 32.f3 exf3 33.Bxf3 Rhd7 34.Kf2 Ke7 35.h4 Rc7 36.Re1+ Kf6
37.g4 fxg4 38.Rxg4 Rf8 39.Reg1 Rg7 40.Rf4+ Ke7 41.Re1+  1-0

[Event "5th Open"]
[Site "Marseille FRA"]
[Date "2004.06.27"]
[Round "2"]
[White "Flear,G"]
[Black "Friot,E"]
[Result "1-0"]
[WhiteElo "2489"]
[BlackElo "2158"]

1.d4 Nf6 2.c4 e6 3.Nc3 Bb4 4.Qc2 O-O 5.a3 Bxc3+ 6.Qxc3 b6 7.Bg5 Bb7 8.e3 d6
9.Ne2 Nbd7 10.Qd3 Be4 11.Qd2 h6 12.Bh4 c5 13.Nc3 Bc6 14.d5 exd5 15.cxd5 Bb7
16.Rd1 a6 17.a4 Re8 18.Be2 Ne5 19.Qc2 Ng6 20.Bg3 Qe7 21.O-O h5 22.h3 Bc8
23.Rfe1 Bd7 24.e4 h4 25.Bh2 Nh7 26.f4 Qf6 27.Rf1 b5 28.axb5 axb5 29.Bxb5 Bxb5
30.Nxb5 Rab8 31.e5 dxe5 32.fxe5 Qg5 33.Nd6 Rf8 34.Nxf7 Qe3+ 35.Kh1 Rxf7 36.Rxf7 Nxe5
37.Re7  1-0

[Event "5th Open"]
[Site "Marseille FRA"]
[Date "2004.06.30"]
[Round "7"]
[White "Flear,G"]
[Black "Epishin,V"]
[Result "1/2-1/2"]
[WhiteElo "2489"]
[BlackElo "2610"]

1.d4 Nf6 2.c4 e6 3.Nc3 Bb4 4.Qc2 O-O 5.a3 Bxc3+ 6.Qxc3 b6 7.Bg5 Bb7 8.e3 d6
9.Ne2 Nbd7 10.Qd3 d5 11.cxd5 exd5 12.Nc3 c5 13.Be2 Qe8 14.O-O Ne4 15.Nxe4 dxe4
16.Qd2 cxd4 17.exd4 Qe6 18.Rac1 Rac8 19.Rxc8 Rxc8 20.Rc1 Rxc1+ 21.Qxc1 h6
22.Be3 Nf6 23.Qc7 Qc8 24.Qxc8+ Bxc8 25.Kf1  1/2-1/2

[Event "7th Medoc Wines Open"]
[Site "Naujac sur Mer FRA"]
[Date "2004.07.02"]
[Round "7"]
[White "Harestad,H"]
[Black "Teske,H"]
[Result "0-1"]
[WhiteElo "2280"]
[BlackElo "2542"]

1.d4 Nf6 2.c4 e6 3.Nc3 Bb4 4.Qc2 O-O 5.a3 Bxc3+ 6.Qxc3 b5 7.cxb5 c6 8.bxc6 Nxc6
9.e3 Bb7 10.Nf3 Rc8 11.Qd3 Na5 12.Bd2 Qb6 13.Bb4 Rfe8 14.Qd1 Bxf3 15.gxf3 Nd5
16.Bxa5 Qxa5+ 17.Qd2 Qb6 18.Bd3 e5 19.dxe5 Rxe5 20.Rc1 Rce8 21.Rc4 Nxe3 22.fxe3 Rxe3+
23.Kf1 Rxf3+ 24.Kg2 Qb7 25.Qb4 Qxb4 26.Bxh7+ Kxh7 27.Rxb4 Rf5 28.Rd1 Re2+
29.Kg3 Re3+ 30.Kg2 Rg5+ 31.Kf2 Rh3 32.Rxd7 Rxh2+ 33.Kf3 a5 34.Rbb7 f6 35.b4 Rh3+
36.Kf4 Rxa3 37.b5 Rb3 38.b6 a4 39.Rd6 Kg6 40.Ra7 Rgb5 41.Rxa4 Rxb6 42.Rdd4 Rh3
43.Kg4 Rbb3  0-1

[Event "Open A"]
[Site "Klatovy CZE"]
[Date "2004.07.03"]
[Round "1"]
[White "Neuman,P"]
[Black "Kupka,F"]
[Result "1-0"]
[WhiteElo "2428"]
[BlackElo "2031"]

1.d4 Nf6 2.c4 e6 3.Nc3 Bb4 4.Qc2 O-O 5.Nf3 b6 6.e4 d5 7.e5 Ne4 8.Bd3 Bb7
9.O-O Bxc3 10.bxc3 f6 11.exf6 Qxf6 12.Ne5 g6 13.cxd5 exd5 14.Bxe4 dxe4 15.Qb3+ Rf7
16.Bg5 Qg7 17.Rae1 Nc6 18.Nxf7 Qxf7 19.Qxf7+ Kxf7 20.Rxe4  1-0

[Event "IMB"]
[Site "Brno CZE"]
[Date "2004.07.05"]
[Round "3"]
[White "Holemar,D"]
[Black "Vyskocil,N"]
[Result "1/2-1/2"]
[WhiteElo "2380"]
[BlackElo "2305"]

1.d4 Nf6 2.c4 e6 3.Nc3 Bb4 4.Qc2 O-O 5.a3 Bxc3+ 6.Qxc3 b6 7.Bg5 Bb7 8.e3 d6
9.Ne2 Nbd7 10.Qd3 c5 11.Nc3 Qe7 12.Rd1 Rfd8 13.d5 Ne5 14.Qc2 exd5 15.Nxd5 Bxd5
16.Rxd5 h6 17.Bxf6 Qxf6 18.Be2 Qg6 19.Qxg6 Nxg6 20.O-O Kf8 21.Rfd1 Ke7 22.g4 Nf8
23.h4 Ne6 24.Kg2 Rab8 25.R5d2 Nc7 26.b4 a6 27.Rb2 b5 28.bxc5 dxc5 29.Rdb1 Ra8
30.cxb5 axb5 31.Bxb5 Rxa3 32.Rc2 Ne6 33.Bc4 Ra5 34.Kg3 Rd7 35.Rb3 Nd8 36.Rb8 Raa7
37.Rb5 Rac7 38.Be2 Ne6 39.Bc4 Nd8 40.g5 hxg5 41.hxg5 Nb7 42.Kf4 Nd6 43.Ra5 Nxc4
44.Rxc4 Kd6 45.e4 Rc6 46.Ra8 Ke7 47.Ra5 Kd6 48.f3 Rdc7 49.Ra1 Ke6 50.Rd1 Rd6
51.Rdc1 Rdc6 52.Rd1 Rd6 53.Rdc1 Rdc6 54.Rd1  1/2-1/2

[Event "IMA"]
[Site "Brno CZE"]
[Date "2004.07.07"]
[Round "5"]
[White "Skacelik,P"]
[Black "Holusova,T"]
[Result "1-0"]
[WhiteElo "2279"]
[BlackElo "2153"]

1.d4 Nf6 2.c4 e6 3.Nc3 Bb4 4.Qc2 O-O 5.a3 Bxc3+ 6.Qxc3 Ne4 7.Qc2 f5 8.Nh3 Nc6
9.e3 d6 10.f3 Nf6 11.Bd3 Qe8 12.Nf2 a5 13.b3 Qh5 14.Bb2 e5 15.d5 Ne7 16.O-O-O Kh8
17.h3 Qg5 18.Qe2 a4 19.b4 b5 20.g4 bxc4 21.Bxc4 Bb7 22.h4 Qg6 23.h5 Qe8 24.e4 fxe4
25.fxe4 c6 26.g5 Nfg8 27.Kb1 Qc8 28.h6 gxh6 29.Ng4 Ng6 30.Nxh6 c5 31.Nf5 Rxf5
32.exf5 Qxf5+ 33.Bd3 Qf7 34.Qh5 N8e7 35.Rhf1 Qg7 36.bxc5 Nxd5 37.Bxg6 Qxg6+
38.Qxg6 hxg6 39.cxd6 Ne3 40.Bxe5+ Kg8 41.Bf6 Be4+ 42.Ka1 Nxf1 43.d7 Ne3 44.d8=Q+ Rxd8
45.Rxd8+ Kf7 46.Rd6 Bf5 47.Ra6 Bd7 48.Kb1 Nc4 49.Bb2 Ke7 50.Kc1 Be8 51.Kc2 Nd6
52.Bd4 Nf5 53.Kc3 Ng3 54.Kc4 Bf7+ 55.Kb4 Be8 56.Kc5 Kf7 57.Kd5 Nf5 58.Ra7+ Kg8
59.Bc3  1-0

[Event "TCh-GRE"]
[Site "Aghia Pelagia GRE"]
[Date "2004.07.09"]
[Round "7"]
[White "Sismanis,A"]
[Black "Iskos,A"]
[Result "1/2-1/2"]
[WhiteElo "2097"]
[BlackElo "2035"]

1.d4 Nf6 2.c4 e6 3.Nc3 Bb4 4.Qc2 O-O 5.a3 Bxc3+ 6.Qxc3 b5 7.cxb5 c6 8.e3 Bb7
9.Nf3 Ne4 10.Qc2 cxb5 11.Bd3 f5 12.O-O a6 13.Nd2 Nxd2 14.Bxd2 Nc6 15.f3 Rc8
16.Qd1 Qb6 17.Qe2 f4 18.Qf2 Na5 19.Bb4 d6 20.Rac1 Rxc1 21.Rxc1 Nb3 22.Bxh7+ Kxh7
23.Qc2+ Kh8 24.Qxb3 e5 25.dxe5 fxe3 26.Kf1 Qd4 27.Qc3 Qf4 28.Re1 Bxf3 29.Qxe3 Bd5+
30.Qxf4 Rxf4+ 31.Kg1 dxe5 32.Rxe5 Bc4 33.g3 Rf6 34.Bc3 Kh7 35.Rh5+ Rh6 36.Rxh6+ gxh6
37.Kf2 Kg6 38.Ke3 Kf5 39.h4 h5 40.Kd4 Kg4 41.Be1 a5 42.Bxa5 Kxg3 43.Bd8 Be2
44.Kc5 Kf4 45.b3 Bd1 46.Kxb5 Bxb3 47.a4 Ke5 48.a5 Kd6 49.a6 Kd7 50.Kc5 Bd1
51.a7 Bf3 52.Bb6  1/2-1/2

[Event "IMA"]
[Site "Brno CZE"]
[Date "2004.07.09"]
[Round "7"]
[White "Luch,M"]
[Black "Pisk,P"]
[Result "1/2-1/2"]
[WhiteElo "2383"]
[BlackElo "2344"]

1.d4 Nf6 2.c4 e6 3.Nc3 Bb4 4.Qc2 O-O 5.Nf3 b6 6.Bg5 Bb7 7.e3 d6 8.Be2 c5
9.O-O cxd4 10.Nxd4 Nc6 11.Ncb5 Nxd4 12.Nxd4 Bc5 13.Bf3 d5 14.Rfd1 Rc8 15.Qa4 Bxd4
16.Rxd4 Bc6 17.Qd1 h6 18.Bh4 Qe7 19.cxd5 exd5 20.Be2 g5 21.Bg3 Ne4 22.Ba6 Rcd8
23.Rc1 Qe6 24.Qc2 Nc5 25.Bf1 Rc8 26.Qd1 Bb7 27.Qh5 Ne4 28.Rcd1 Kg7 29.Bd3 f5
30.Qe2 Rfe8 31.Bb1 Qf6 32.f4 Nxg3 33.hxg3 Re7 34.Qd3 Rce8 35.Re1 Re4 36.Rxe4 dxe4
37.Qb3 gxf4 38.gxf4 Qd6 39.Rd1 Qc5 40.a3 Bc8 41.Kf2 Be6 42.Qa4 Re7 43.Rd2 h5
44.Qd1 Bf7 45.Rc2 Qb5 46.Qd4+ Kg6 47.Qd6+ Re6 48.Qd8 Rf6 49.Rd2 a5 50.g3 Kg7
51.Qd4 Qc5 52.Bc2 Qxd4 53.Rxd4 Rc6 54.Ba4 b5 55.Bd1 Rc1 56.Rd2 b4 57.axb4 axb4
58.Be2  1/2-1/2

[Event "54th ch-RUS w"]
[Site "Kazan RUS"]
[Date "2004.07.10"]
[Round "11"]
[White "Shumiakina,T"]
[Black "Zaiatz,E"]
[Result "1/2-1/2"]
[WhiteElo "2337"]
[BlackElo "2344"]

1.d4 Nf6 2.c4 e6 3.Nc3 Bb4 4.Qc2 O-O 5.a3 Bxc3+ 6.Qxc3 b6 7.Nf3 Ba6 8.e3 d5
9.Bd3 c5 10.dxc5 bxc5 11.O-O Nbd7 12.cxd5 Nxd5 13.Qc2 Bxd3 14.Qxd3 Qc7 15.e4 N5b6
16.Be3 Rac8 17.Rac1  1/2-1/2

[Event "Open"]
[Site "Olomouc CZE"]
[Date "2004.07.11"]
[Round "8"]
[White "Zhunusov,M"]
[Black "Polak,T"]
[Result "0-1"]
[WhiteElo "2224"]
[BlackElo "2482"]

1.d4 Nf6 2.c4 e6 3.Nc3 Bb4 4.Qc2 O-O 5.a3 Bxc3+ 6.Qxc3 b6 7.Bg5 Ba6 8.e3 d6
9.f3 Nbd7 10.Nh3 Rc8 11.Rd1 h6 12.Bf4 Nh5 13.Be2 Qh4+ 14.Kf1 Rfe8 15.Qe1 Qf6
16.g4 Nxf4 17.Nxf4 e5 18.Nd5 Qe6 19.e4 Nf8 20.Qd2 Bb7 21.Ne3 exd4 22.Qxd4 Qg6
23.Nf5 Ne6 24.Qd2 Rcd8 25.h4 Qf6 26.Rh2 Qe5 27.Kg1 Nf4 28.Qd4 Kh7 29.Bf1 g6
30.Ne3 Ne6 31.Qd2 c5 32.h5 Qg5 33.Bg2 Nf4 34.Kf2 Re6 35.Rdh1 gxh5 36.Nf5 Rg6
37.Kg3  0-1

[Event "XIII Open"]
[Site "Castellar del Valles ESP"]
[Date "2004.07.17"]
[Round "4"]
[White "Borges Mateos,J"]
[Black "Korneev,O"]
[Result "1/2-1/2"]
[WhiteElo "2456"]
[BlackElo "2587"]

1.d4 Nf6 2.c4 e6 3.Nc3 Bb4 4.Qc2 O-O 5.Nf3 c5 6.a3 Bxc3+ 7.Qxc3 cxd4 8.Nxd4 d5
9.e3 Re8 10.cxd5 Nxd5 11.Qb3 Nb6 12.Bb5 Bd7 13.O-O e5 14.Bxd7 Qxd7 15.Nb5 Nc6
16.e4 Nd4 17.Nxd4 exd4 18.f3 Rac8 19.Rd1 Nc4 20.Bf4 Red8 21.Rd3 h6 22.Rad1 g5
23.Bg3 Na5 24.Qb4 Nc6 25.Qd2 Qe6 26.b4 a6 27.h4 f6 28.hxg5 hxg5  1/2-1/2

[Event "MTO"]
[Site "Biel SUI"]
[Date "2004.07.19"]
[Round "1"]
[White "Yahya,M"]
[Black "Mahesh Chandran,P"]
[Result "0-1"]
[WhiteElo "2145"]
[BlackElo "2441"]

1.d4 Nf6 2.c4 e6 3.Nc3 Bb4 4.Qc2 O-O 5.a3 Bxc3+ 6.Qxc3 b6 7.Bg5 Bb7 8.f3 d5
9.e3 Nbd7 10.cxd5 exd5 11.Bd3 Re8 12.Ne2 h6 13.Bh4 Qe7 14.Bf2 c5 15.O-O Rac8
16.Qd2 Nb8 17.Rfe1 Ba6 18.Bf5 Rcd8 19.Rac1 Nc6 20.b4 Bxe2 21.Qxe2 Nxd4 22.exd4 Qxe2
23.Rxe2 Rxe2 24.dxc5 bxc5 25.Bxc5 d4 26.Rd1 Ra2 27.Bxa7 g6 28.Bb1 Rxa3 29.Bb6 Rd7
30.Bxd4 Ra1 31.Bxa1 Rxd1+ 32.Kf2 Ne8  0-1

[Event "JunCh-USA"]
[Site "Lindsborg USA"]
[Date "2004.07.21"]
[Round "2"]
[White "Hoekstra,M"]
[Black "Rensch,D"]
[Result "1/2-1/2"]
[WhiteElo "2358"]
[BlackElo "2384"]

1.d4 Nf6 2.c4 e6 3.Nc3 Bb4 4.Qc2 O-O 5.e4 d5 6.e5 Ne4 7.a3 Bxc3+ 8.bxc3 c5
9.Bb2 Nc6 10.O-O-O cxd4 11.cxd4 f5 12.f3 Ng5 13.h4 Nf7 14.g4 Ne7 15.Kb1 dxc4
16.Bxc4 b5 17.Bb3 fxg4 18.Qe4 Nd5 19.Bc2 g6 20.Re1 Qa5 21.Re2 gxf3 22.Nxf3 Bb7
23.Qg4 Nc3+ 24.Bxc3 Qxc3 25.Rh3 Nh6 26.Qxe6+ Kh8 27.Nd2 Qxd4 28.Rd3 Qg1+
29.Kb2 Bc8 30.Qd5 Bf5 31.e6 Bxd3 32.Bxd3 Rac8 33.Nb3 Qf1 34.e7 Qf6+ 35.Qd4 Qxd4+
36.Nxd4 Rfe8 37.Bxb5 Nf5 38.Nxf5 gxf5 39.Bxe8 Rxe8 40.Re5 Kg7 41.Rxf5  1/2-1/2